Las 20 ciudades más pobladas de Portugal - Estadísticas

Estadísticas generales
  • Esta prueba ha sido intentada 120 veces
  • La puntuación promedio es 7 de 20
Estadísticas de respuestas
Posición Población Ciudad % Correcto
1 567.131 Lisboa
100%
4 248.769 Oporto
99%
7 201.583 Braga
82%
16 144.822 Coímbra
69%
14 156.789 Guimarães
51%
2 395.528 Sintra
47%
5 219.636 Cascais
36%
3 311.223 Vila Nova de Gaia
33%
10 178.253 Amadora
30%
8 181.232 Almada
23%
9 179.558 Matosinhos
17%
6 207.065 Loures
13%
15 153.708 Odivelas
12%
18 139.837 Santa Maria da Feira
10%
12 173.163 Seixal
8%
13 168.582 Gondomar
6%
11 175.677 Oeiras
5%
17 142.594 Maia
4%
19 139.452 Vila Franca de Xira
4%
20 135.994 Vila Nova de Famalicão
4%
No se encontraron pruebas coincidentes
Distribución de puntuación
Porcentaje de gente con cada puntuación
Porcentaje por número respondido
Historial de tus puntuaciones
No has intentado esta prueba.